| 000 | 01104nam0a22003011 4500 | ||
|---|---|---|---|
| 001 | RU\INFOCOMM_322\NLR\5000105353 | ||
| 005 | 20250625202326.0 | ||
| 035 | _a(NLR Aleph) 011020656 | ||
| 090 |
_a11067530 _c11067530 |
||
| 100 | _a20121212d1981 |||y0rusy50 ca | ||
| 101 | 1 |
_aspa _crus |
|
| 102 | _aRU | ||
| 105 | _ay z|||| | ||
| 200 | 1 |
_aURSS _eRumbo del campesinado al socialismo _fN. Krasavin _g[Trad. del ruso por Aurelio Villa] |
|
| 210 |
_aM. _cProgreso _d1981 |
||
| 215 |
_a143 с., 8 л. ил. _cил. _d20 см |
||
| 225 | 1 | _aEl País de los Soviets | |
| 300 | _aНа обороте тит. л.: СССР: Путь крестьянства к социализму / Н. Красавин | ||
| 517 | 1 |
_aСССР _eПуть крестьянства к социализму _zrus |
|
| 606 | 0 |
_aКрестьянство _yСССР _91381936 _3RU\NLR\AUTH\66580071 |
|
| 620 | _aМосква | ||
| 686 |
_aТ3(2)7-283 _2rubbk |
||
| 700 | 1 |
_aKrasavin _bN. N. _gNikolaj Nikolaevič |
|
| 801 | 1 |
_aRU _bInfoComm _c20121212 |
|
| 801 | 0 |
_aRU _bNLR _gPSBO |
|
| 852 |
_aNLR _jИр51 Д-3/245 |
||
| 942 | _cBOOK | ||
| 980 | _aNB | ||